Music Quiz

Random Music or Lyrics Quiz

First and Last Lyrics Quiz Stats

Quiz Updated Mar 8, 2012

Challenge
Share
Tweet
Embed
Score 0/18 Timer 06:00
1 Play Today
Lyrics Songs % Correct
Is this the real life? Is this just fantasy? //
Nothing really matters, nothing really matters, to me... Anyway the wind blows
Bohemian Rhapsody
88%
A long long time ago, I can still remember, How that music used to make me smile //
And them good old boys were drinking whiskey and rye, Singing this'll be the day that I die
American Pie
81.3%
You know that it would be untrue, You know that I would be a liar //
Try to set the night on fire, Try to set the night on fire
Light My Fire
63.1%
What you gon' do with all that junk? All that junk inside your trunk? I'ma get, get, get, get, you drunk // She's got me spendin'. Spendin' all your money on me, up on me, on meMy Humps
60.3%
Say your prayers little one, Don't forget my son, To include everyone, I tuck you in //
We're off to never never-land
Enter Sandman
50.5%
I made it through the wilderness, Somehow I made it through, Didn't know how lost I was, Until I found you // Can't you hear my heart beat, For the very first time?Like a Virgin
47.4%
Gettin' born in the state of Mississippi, Poppa was a copper and momma was a hippie //
California show your teeth, She's my priestess, I'm your priest. Yeah, yeah
Dani California
45%
Oh, life is bigger It's bigger than you And you are not me The lengths that I will go to //
Try, cry, why, try That was just a dream just a dream, just a dream
Losing my Religion
42.3%
'There must be some kinda way out of here,' said the joker to the thief, 'There's too much confusion, I can't get no relief // Two riders were approaching, the wind began to howlAll Along the Watchtower
39.5%
Lyrics Songs % Correct
Still don't know what I was waiting for, And my time was running wild //
I said that time may change me, But I can't trace time
Changes
30.5%
I looked out this morning, and the sun was gone. Turned on some music to start my day //
And I begin dreamin' Till I see Marianne walk away, I see my Marianne walkin' away
More Than a Feeling
29.8%
One pill makes you larger, and one pill makes you small, And the ones that mother gives you, don't do anything at all // Remember what the dormouse said, Feed your head (x2)White Rabbit
29.8%
When I get to the bottom, I go back to the top of the slide // She's coming down fast! Yes she is, yes she is coming down fast! (I've got blisters on my fingers!)Helter Skelter
29.6%
Work It. Make It. Do It. Makes Us. // More Than Ever Hour After Our Work Is Never Over Harder, Better, Faster, Stronger
24.3%
The world is a vampire, sent to drain, Secret destroyers, hold you up to the flames, And what do I get, for my pain // And I still believe that I cannot be savedBullet with Butterfly Wings
20.6%
They say I need some Rogaine to put in my hair, Work it out at the gym to fit my underwear // One look in the mirror and I'm tickled pink, I don't give a hoot about what you thinkPork and Beans
14.5%
Come ride with me, Through the veins of history, I'll show you a god who falls asleep on the job // You and I must fight for our rights, You and I must fight to surviveKnights of Cydonia
12.2%
Sleeping is giving in, no matter what the time is. Sleeping is giving in, so lift those heavy eyelids // Every time you close your eyes Lies, lies!Rebellion (Lies)
8.8%

You're not logged in!

Compare scores with friends on all Sporcle quizzes.
Join for Free
OR
Log In

You Might Also Like...

Show Comments

Extras

Top Quizzes Today


Score Distribution

Your Account Isn't Verified!

In order to create a playlist on Sporcle, you need to verify the email address you used during registration. Go to your Sporcle Settings to finish the process.

Report this User

Report this user for behavior that violates our Community Guidelines.

Details: